Регионална библиотека "Любен Каравелов" - Русе

Африкански приказки (Запис номер 148265)

MARC детайли
000 -Лидер
Контролно поле с фиксирана дължина 01245nam a2200313 c 4500
003 - Код на организацията, давaща контролен номер
Контролно поле BLK
005 - Дата и час на последна редакция
Контролно поле 20220701124418.0
008 - Елементи от данни с фиксирана дължина
fixed length control field 180410b bul|||||r ||||||| ||bul||
010 ## - Наследен системен номер
LC control number KNG00154487000
040 ## - Източник на каталожния запис
Идентификатор на билиотеката - собственик на записа BLK
041 ## - Код за език
Код за езика на текст/звукозапис или на отделно заглавие Български
Код за езика КДБФ Български
080 ## - УДК
Текстов определител УДК Италианска литература
УДК код - определител по УДК 821.131.1
УДК определител -93-34
УДК - код + определител 821.131.1-93-34
139 ## - Редно поле
Редна дума Пакарие, Рената
Авторски знак Пал - П 15
245 10 - Сведения за заглавието
Заглавие Африкански приказки
Редно поле (дума) преразк. Рената Пакарие; прев. от итал. Люба Никифорова; ил. Марайа.
250 ## - Област на изданието
Сведения за изданието 3. изд.
257 ## - Страна на издаване
Страна на създаване/издаване Италия
260 ## - Област на издателските данни
Име на издателя, разпространителя и проч. Нар. младеж
Година на издаване 1975
300 ## - Физическа характеристика
Страници 56 с.
Илюстрации и др. с ил.
Размери/Мащаб 33 см
380 ## - Жанр
Жанр Детска худож. лит.
500 ## - Общи забележки
Забележка Ориг. загл. Fiable africane. - 1. изд. 1964. - 100 125 тир.
700 1# - Други автори (авторска отговорност)
Лично име Пакарие, Рената
Автороска отговорност (Описва отношението между автора и произведението) преразк.
9 (RLIN) 105670
700 1# - Други автори (авторска отговорност)
Лично име Никифорова, Люба
Автороска отговорност (Описва отношението между автора и произведението) прев. от итал.
9 (RLIN) 365826
700 1# - Други автори (авторска отговорност)
Лично име Марайа
Автороска отговорност (Описва отношението между автора и произведението) ил.
9 (RLIN) 92509
852 ## - Местоположение
Форматна сигнатура Цб ІІ 19149
856 4# - Електронен адрес и достъп
Електронен формат pdf - файл
856 4# - Електронен адрес и достъп
Електронен формат pdf - файл
999 ## - СИСТЕМНИ КОНТРОЛНИ НОМЕРА
Koha biblionumber 148265
Koha biblioitemnumber 148265
942 ## - АРТИКУЛИ
Вид на библиотечния материал Книги
Скрит в OPAC Не
Периодичен библиозапис Да
Koha issues (borrowed), all copies 1
944 ## - СЪЗДАВАНЕ И РЕДАКЦИЯ на ЗАПИСА
Създаване/Редакция Създаване
Дата на регистрацията/редакция 06.12.2013
Статус, дата на статуса 06.12.2013 - от С1,Р / 06.12.2013
Служител, извършил регистрацията/редакцията Митко_Георгиев
944 ## - СЪЗДАВАНЕ И РЕДАКЦИЯ на ЗАПИСА
Създаване/Редакция Редакция
Дата на регистрацията/редакция 27.09.2017
Статус, дата на статуса 06.12.2013 - от С1,Р / 06.12.2013
Служител, извършил регистрацията/редакцията Вася_Ганчева
999 ## - СИСТЕМНИ КОНТРОЛНИ НОМЕРА
Koha biblioitemnumber 148265
999 ## - СИСТЕМНИ КОНТРОЛНИ НОМЕРА
Koha biblioitemnumber 148265
Наличности
Код за отписване Код за изгубен артикул Източник на класификационната схема Код за повреда Коз за рестрикции Код за отдаване Артикулен № Име на библиотеката - собственик Име на библиотеката, в която се намира в момента Статус (Текущо местоположение) Дата на вписване в системата Местоположение - отдел Цена в лева Инвентарен номер Систематично азбучна сигнатура Баркод Номер на екземпляра Цена в евро Служебна бележка Служебен тип на артикула Бележка за публиката
  Не е изгубен Universal Decimal Classification Не е повреден само за читалня ползва се в читалня 246545 Регионална библиотека "Любен Каравелов" Русе Регионална библиотека "Любен Каравелов" Русе Хранилище 1975-01-01 Хранилище 0.99 190815 Цб ІІ 19149 120000190815 1 0.51 N: стар фонд Дата: 01.01.1975 Книги  
Изтеглен Не е изгубен Universal Decimal Classification Не е повреден без рестрикции заемане за дома 246546 Регионална библиотека "Любен Каравелов" Русе Регионална библиотека "Любен Каравелов" Русе Детски отдел 1975-01-01 Детски отдел 0.99 191695 ДХ 820/899/П 15 191695 2 0.51 N: стар фонд Дата: 01.01.1975 Дата инв: 16.09.2015 Бележки инв: Д2015 Книги  
Изтеглен Не е изгубен Universal Decimal Classification Не е повреден без рестрикции заемане за дома 246547 Регионална библиотека "Любен Каравелов" Русе Регионална библиотека "Любен Каравелов" Русе Детски отдел 1975-01-01 Детски отдел 0.99 191697 ДХ 820/899/П 15 191697 3 0.51 N: стар фонд Дата: 01.01.1975 Дата инв: 16.09.2015 Бележки инв: Д2015 Книги  
Изтеглен Не е изгубен   Не е повреден без рестрикции заемане за дома 246548 Регионална библиотека "Любен Каравелов" Русе Регионална библиотека "Любен Каравелов" Русе   1975-01-01 Детски отдел 0.99 191699 ДХ 820/899/П 15 191699 4 0.51 N: стар фонд Дата: 01.01.1975 Дата инв: 02.11.2015 Бележки инв: Д2015 Книги Отч.N: 40/2017 , Дата: 07.09.2017
  Не е изгубен Universal Decimal Classification Не е повреден без рестрикции заемане за дома 731332 Регионална библиотека "Любен Каравелов" Русе Регионална библиотека "Любен Каравелов" Русе Детски отдел 2019-07-31 Детски отдел 0.99   ДХ 820/899/ П15 120000835370   0.51   Книги  
Vip Innovations Ltd, Rousse, Bulgaria 2025